| 000 | 01767nim a2200361 i 4500 | ||
|---|---|---|---|
| 001 | 197189 | ||
| 003 | ES-MaACL | ||
| 005 | 20250828062554.0 | ||
| 007 | ss lsnjlcipnne | ||
| 008 | 250424s1991 sp nnnn |||| 00| spa d | ||
| 040 |
_bspa _cES-MaACL |
||
| 245 | 0 | 0 |
_aCausas por las que pueblos de España reclaman autodeterminación _h[Grabación sonora] : _bdebate / _cpreside Felipe Clemente de Diego |
| 260 |
_aMadrid : _bAteneo de Madrid, _c1991 |
||
| 300 |
_a2 casetes (ca. 180 min) : _bson. ; _c11 cm |
||
| 490 | 1 | _3Actos culturales en el Ateneo de Madrid | |
| 511 | _aIntervienen: por Asturias, Marcos Abel F. Marqués, de Andecha Astur; por Baleares, Mateu Morro, del Partido Socialista de Mallorca; por Cataluña, Ángel Colom, de Esquerra Republicana; por Galicia, Pilar García Negro, del Bloque Nacionalista Gallego; por Valencia, Pere Major, de Unait Poble Valensia; por Vasconia, Iñaki Anasagasti, del Partido Nacionalista Vasco | ||
| 518 | _aGrabado el 11 de diciembre de 1991 en el Salón de Actos del Ateneo de Madrid | ||
| 540 | _aDocumento inédito | ||
| 594 | _5Datos basados en la invitación | ||
| 610 | 2 | 0 |
_aAteneo de Madrid- _xActos culturales- _y1991- _vGrabaciones sonoras _9240452 |
| 650 | 7 |
_9170862 _aAutodeterminación nacional |
|
| 653 | _aArchivo de la palabra | ||
| 655 | 0 |
_aConferencias _9234444 |
|
| 700 | 1 |
_aClemente de Diego, Felipe _939201 |
|
| 700 | 1 |
_aHuguet Tamarit, Manuel _emod _964651 |
|
| 700 | 1 |
_9240380 _aAlonso Rodríguez, Francisco José _epres |
|
| 830 | 0 |
_aActos culturales en el Ateneo de Madrid _9240237 |
|
| 852 |
_aES-MaACL _cDEPOZ _pCinta 1 _9205773 |
||
| 852 |
_aES-MaACL _cDEPOZ _pCinta 2 _9205773 |
||
| 942 |
_2udc _n0 _cCINTASAUD |
||
| 999 |
_c197189 _d197189 |
||